000 nam a22 a 4500
999 _c2744
_d2744
003 AKMAL
005 20170517160936.0
008 170517s2005 my o e|| 000 0 may d
020 _a9676116998 (kkt. ) :
_cRM45.00
039 9 _a201005211044
_bfadilah
_c200601191631
_danisatul
_c200509171503
_dmanoriah
_c200508190905
_dshaharudin
040 _aAKMAL
_cAKMAL
049 _aklpmal
082 0 4 _a646.7042 SAR
_222
090 0 0 _a646.7042
_bSAR
090 2 0 _a646.7042
_bSAR
100 0 _aSarimah Ahmad,
_cDato'
_95786
245 1 0 _aPetua kecantikan daripada Dato' Sarimah Ahmad :
_bluar & dalam/
_cDato' Sarimah Ahmad
246 3 _aPetua kecantikan daripada Dato' Sarimah Ahmad :
_bluar dan dalam
260 _aKuala Lumpur :
_bUtusan Publications & Distributors,
_c2005
300 _a91ms. :
_bgf. wrn. ;
_c30cm.
600 0 _aSarimah Ahmad,
_cDato'
_95786
650 1 0 _aBeauty, Personal
_92962
650 2 0 _aWomen
_xHealth and hygiene
_92965
942 _2ddc
_cBOOK